000 00604nam a2200229Ia 4500
003 OSt
005 20221007075955.0
006 a|||||r|||| 00| 0
007 ta
008 221006b |||||||| |||| 00| 0 eng d
024 _a15,206
037 _cTextual
040 _aFLL
_cFLL
_beng
041 _2eng
_aeng
082 _aX:954:Z2, M6
100 _aChaman G.S.
_9694467
245 0 _aLaw of disciplinary enquiries
260 _aNew Delhi
_bSai Publishing House India
_c1986
300 _a256p
_ccm.
942 _hX:954:Z2, M6
_cTEXL
_2CC
999 _c1157982
_d1157982